| 000 | 00310nam a2200109Ia 4500 | ||
|---|---|---|---|
| 005 | 20251222144808.0 | ||
| 008 | 251222s9999||||xx |||||||||||||| ||spa|| | ||
| 082 | _a282/C78 | ||
| 245 | 0 | _aPresencia activa de la Iglesia en el desarrollo y en la Integración de América Latina | |
| 264 | _bPaulinas | ||
| 942 | _cLIB | ||
| 999 |
_c20001 _d20001 |
||